Les Châteaux de la Loire - Statistiques

Statistiques générales
  • Ce quiz a été pris 401 fois
  • Le résultat moyen est 10 sur 32
Statistiques - réponses
Réponse % Correct
Chambord
96%
Chenonceau
91%
Amboise
75%
Blois
74%
Azay-le-Rideau
66%
Cheverny
61%
Angers
53%
Tours
47%
Chinon
45%
Villandry
45%
Saumur
44%
Chaumont-sur-Loire
34%
Clos-Lucé
34%
Ussé
33%
Loches
29%
Langeais
25%
Valençay
22%
Sully-sur-Loire
21%
Brissac
14%
Gien
12%
Beauregard
10%
Le Lude
9%
Châteaudun
7%
Montsoreau
7%
Brézé
5%
Ducs de Bretagne
5%
Nevers
4%
Richelieu
4%
Chanteloup
3%
Jacques-Cœur
1%
Meillant
1%
Pleissis-lèz-Tours
0%
Aucun quiz correspondant
Distribution des résultats
% des personnes avec chaque résultat
Percentile par nombre de réponses
Votre historique - résultats
Vous n’avez pas pris ce quiz